000 00545nam a2200193Ia 4500
005 20250326141313.0
008 250326s9999 xx 000 0 und d
020 _a0 521 44020 3
037 _aTextbook
040 _aFMSL
_beng
_cFMSL
041 _aeng
_2eng
084 _aX:5.7N92 N2
_qFMSL
100 _aWinters L A
_9248656
245 0 _aTrade flows and trade policy after 1992
_cWinters L A
260 _aUSA
_bUSA, Combridge University
_c1992
300 _a314p
942 _cTB
_hX:5.7N92 N2
999 _c1289679
_d1289679